000 00682nam a2200229 4500
003 LK-CoMWRAF
005 20231024125049.0
008 230821b1998 |||||||| |||| 00| 0 eng d
020 _a1856496910
040 _aLK-CoMWRAF
_dLK-CoMWRAF
_eLK-CoMWRAF
041 _aeng
082 _a337
_bSIN
100 _aSingh, Kavaljit.
245 _aA citizen's guide to the globalisation of finance
260 _aDelhi:
_bMadhyam books,
_c1998
300 _axi, 187 p. ; 22 cm.
650 _aINTERNATIONAL BUSINESS ENTERPRISES
650 _aInternational economic relations
650 _aInternational trade
650 _aDeveloping countries-Foreign economic relations
942 _cBK
999 _c3238
_d3238